| 000 | 00815cab a2200253 4500 | ||
|---|---|---|---|
| 001 | ABS55840 | ||
| 008 | 090401t1996 xxu||||| |||| 00| 0 eng d | ||
| 035 | _a(Sirsi) u19074 | ||
| 041 | _aeng | ||
| 245 | _aBed spread | ||
| 260 | _c1996 | ||
| 350 | _a0 | ||
| 490 |
_aBuilding _v261(7946) 13 September 1996, 52-63(7) |
||
| 520 | _aFeature on the hotel industry. Covers plans within the sector for expansion, Tarmac`s attempts to capture a bigger slice of the 5-Star hotel market and Forte`s move towards pre-fabricated hotels. | ||
| 650 | _aBUDGET HOTELS | ||
| 650 | _aFIVE-STAR HOTELS | ||
| 650 | _aHOTEL MARKET | ||
| 650 | _aOFFICE CONVERSIONS | ||
| 650 | _aPREFABRICATED HOTELS | ||
| 650 | _aTARMAC PROFESSIONAL SERVICES | ||
| 690 | _aLEISURE AND RECREATION | ||
| 942 | _n0 | ||
| 948 | _c04/03/1997 | ||
| 999 |
_c12700 _d12700 |
||